[Event "DEM U18 2024"]
[Site "Willingen GER"]
[Date "2024.05.20"]
[Round "3"]
[White "Pikalow, Michael"]
[Black "Morczynski, Joachim"]
[Result "1-0"]
[Termination "normal"]
[Board "15"]
[WhiteElo "2089"]
[BlackElo "1980"]
[WhiteClock "00:03:50"]
[BlackClock "00:00:53"]
[PlyCount "83"]
[WhiteFideId "16227638"]
[BlackFideId "16209745"]
[EventCountry "GER"]
[EventRounds "9"]
[EventType "swiss"]
[EventDate "2024.05.18"]

1. e4 {[%clk 01:30:58]} {[%emt 00:00:01]} c5 {[%clk 01:30:50]} {[%emt
00:00:11]} 2. Nf3 {[%clk 01:30:18]} {[%emt 00:01:09]} Nc6 {[%clk 01:31:13]}
{[%emt 00:00:07]} 3. d4 {[%clk 01:30:45]} {[%emt 00:00:03]} cxd4 {[%clk
01:31:38]} {[%emt 00:00:06]} 4. Nxd4 {[%clk 01:31:12]} {[%emt 00:00:03]} Nf6
{[%clk 01:32:01]} {[%emt 00:00:06]} 5. Nc3 {[%clk 01:31:40]} {[%emt 00:00:02]}
e5 {[%clk 01:32:26]} {[%emt 00:00:06]} 6. Ndb5 {[%clk 01:32:05]} {[%emt
00:00:03]} d6 {[%clk 01:32:50]} {[%emt 00:00:07]} 7. Bg5 {[%clk 01:32:25]}
{[%emt 00:00:10]} a6 {[%clk 01:33:15]} {[%emt 00:00:06]} 8. Na3 {[%clk
01:32:53]} b5 {[%clk 01:33:42]} {[%emt 00:00:04]} 9. Nd5 {[%clk 01:33:20]}
{[%emt 00:00:03]} Be7 {[%clk 01:34:06]} {[%emt 00:00:05]} 10. Bxf6 {[%clk
01:33:48]} {[%emt 00:00:03]} Bxf6 {[%clk 01:34:30]} {[%emt 00:00:06]} 11. c3
{[%clk 01:34:13]} {[%emt 00:00:05]} Ne7 {[%clk 01:33:58]} {[%emt 00:01:02]} 12.
Nc2 {[%clk 01:14:59]} {[%emt 00:19:44]} Nxd5 {[%clk 01:33:28]} {[%emt
00:01:01]} 13. Qxd5 {[%clk 01:15:09]} {[%emt 00:00:18]} Rb8 {[%clk 01:32:39]}
{[%emt 00:01:19]} 14. Ne3 {[%clk 01:11:13]} {[%emt 00:04:27]} Bb7 {[%clk
01:28:57]} {[%emt 00:04:11]} 15. Qd3 {[%clk 01:10:12]} {[%emt 00:01:31]} O-O
{[%clk 01:25:32]} {[%emt 00:03:55]} 16. Be2 {[%clk 01:08:31]} {[%emt 00:02:11]}
Bg5 {[%clk 01:25:19]} {[%emt 00:00:42]} 17. Nd5 {[%clk 01:06:23]} {[%emt
00:02:39]} Qd7 {[%clk 01:12:36]} {[%emt 00:13:13]} 18. Rd1 {[%clk 00:58:56]}
{[%emt 00:07:57]} f5 {[%clk 01:06:12]} {[%emt 00:06:55]} 19. Bf3 {[%clk
00:52:18]} {[%emt 00:07:07]} g6 {[%clk 00:37:28]} {[%emt 00:29:14]} 20. h4
{[%clk 00:47:26]} {[%emt 00:05:22]} fxe4 {[%clk 00:31:40]} {[%emt 00:06:18]}
21. Bxe4 {[%clk 00:45:26]} {[%emt 00:02:30]} Qf7 {[%clk 00:30:50]} {[%emt
00:01:20]} 22. f3 {[%clk 00:42:11]} {[%emt 00:03:46]} Bf4 {[%clk 00:29:55]}
{[%emt 00:01:24]} 23. Rh3 {[%clk 00:35:58]} {[%emt 00:06:43]} Kh8 {[%clk
00:29:10]} {[%emt 00:01:14]} 24. Ke2 {[%clk 00:30:10]} {[%emt 00:06:19]} Bc8
{[%clk 00:22:55]} {[%emt 00:06:45]} 25. g4 {[%clk 00:24:10]} {[%emt 00:06:30]}
Be6 {[%clk 00:22:29]} {[%emt 00:00:56]} 26. Rhh1 {[%clk 00:22:15]} {[%emt
00:02:25]} b4 {[%clk 00:21:59]} {[%emt 00:01:01]} 27. c4 {[%clk 00:21:56]}
{[%emt 00:00:49]} a5 {[%clk 00:11:19]} {[%emt 00:11:10]} 28. g5 {[%clk
00:19:01]} {[%emt 00:03:24]} Bxd5 {[%clk 00:07:36]} {[%emt 00:04:13]} 29. Bxd5
{[%clk 00:19:25]} {[%emt 00:00:06]} Qg7 {[%clk 00:07:36]} {[%emt 00:00:30]} 30.
Be4 {[%clk 00:18:20]} {[%emt 00:01:35]} b3 {[%clk 00:04:45]} {[%emt 00:03:22]}
31. a3 {[%clk 00:16:38]} {[%emt 00:02:12]} d5 {[%clk 00:02:27]} {[%emt
00:02:47]} 32. Qxd5 {[%clk 00:16:09]} {[%emt 00:00:59]} Qa7 {[%clk 00:02:42]}
{[%emt 00:00:15]} 33. Qd3 {[%clk 00:13:04]} {[%emt 00:03:34]} Rbd8 {[%clk
00:01:30]} {[%emt 00:01:43]} 34. Qxb3 {[%clk 00:11:17]} {[%emt 00:02:18]} Rxd1
{[%clk 00:01:55]} {[%emt 00:00:05]} 35. Rxd1 {[%clk 00:11:27]} {[%emt
00:00:19]} Bg3 {[%clk 00:01:35]} {[%emt 00:00:50]} 36. Qe3 {[%clk 00:10:08]}
{[%emt 00:01:48]} Qc7 {[%clk 00:01:18]} {[%emt 00:00:48]} 37. c5 {[%clk
00:08:43]} {[%emt 00:01:55]} Rb8 {[%clk 00:01:07]} {[%emt 00:00:41]} 38. b3
{[%clk 00:07:06]} {[%emt 00:02:07]} Qf7 {[%clk 00:01:22]} {[%emt 00:00:14]} 39.
c6 {[%clk 00:04:39]} {[%emt 00:02:58]} Bf4 {[%clk 00:00:41]} {[%emt 00:01:12]}
40. Qd3 {[%clk 00:03:13]} {[%emt 00:01:56]} Rxb3 {[%clk 00:00:37]} {[%emt
00:00:34]} 41. Qd8+ {[%clk 00:03:31]} {[%emt 00:00:11]} Kg7 {[%clk 00:00:53]}
{[%emt 00:00:14]} 42. Rd7 {[%clk 00:03:50]} {[%emt 00:00:11]} 1-0

[Event "DEM U18 2024"]
[Site "Willingen GER"]
[Date "2024.05.21"]
[Round "4"]
[White "Bilovil, Bogdan"]
[Black "Haack, Kevin"]
[Result "1/2-1/2"]
[Termination "normal"]
[Board "1"]
[WhiteTitle "FM"]
[BlackTitle "FM"]
[WhiteElo "2429"]
[BlackElo "2286"]
[WhiteClock "00:28:09"]
[BlackClock "00:18:13"]
[PlyCount "108"]
[WhiteFideId "14168766"]
[BlackFideId "16228715"]
[EventCountry "GER"]
[EventRounds "9"]
[EventType "swiss"]
[EventDate "2024.05.18"]

1. d4 {[%clk 01:30:50]} {[%emt 00:00:09]} d5 {[%clk 01:30:52]} {[%emt
00:00:09]} 2. Nf3 {[%clk 01:31:07]} {[%emt 00:00:13]} Nf6 {[%clk 01:31:10]}
{[%emt 00:00:12]} 3. Bf4 {[%clk 01:31:24]} {[%emt 00:00:13]} e6 {[%clk
01:30:31]} {[%emt 00:01:09]} 4. e3 {[%clk 01:31:17]} {[%emt 00:00:37]} c5
{[%clk 01:30:41]} {[%emt 00:00:19]} 5. Nbd2 {[%clk 01:31:29]} {[%emt 00:00:19]}
Nc6 {[%clk 01:29:06]} {[%emt 00:02:06]} 6. c3 {[%clk 01:31:40]} {[%emt
00:00:19]} Nh5 {[%clk 01:27:30]} {[%emt 00:02:05]} 7. Bg5 {[%clk 01:31:28]}
{[%emt 00:00:41]} f6 {[%clk 01:27:54]} {[%emt 00:00:07]} 8. Bh4 {[%clk
01:31:54]} {[%emt 00:00:04]} g6 {[%clk 01:28:14]} {[%emt 00:00:09]} 9. Rc1
{[%clk 01:31:55]} {[%emt 00:00:30]} cxd4 {[%clk 01:24:18]} {[%emt 00:04:25]}
10. cxd4 {[%clk 01:32:11]} {[%emt 00:00:14]} Be7 {[%clk 01:22:09]} {[%emt
00:02:39]} 11. Bd3 {[%clk 01:30:36]} {[%emt 00:02:05]} Bd7 {[%clk 01:20:33]}
{[%emt 00:02:06]} 12. O-O {[%clk 01:30:15]} {[%emt 00:00:52]} O-O {[%clk
01:20:50]} {[%emt 00:00:13]} 13. a3 {[%clk 01:28:13]} {[%emt 00:02:32]} a5
{[%clk 01:19:59]} {[%emt 00:01:21]} 14. Re1 {[%clk 01:18:47]} {[%emt 00:09:55]}
Be8 {[%clk 01:10:37]} {[%emt 00:09:53]} 15. Nb3 {[%clk 01:11:20]} {[%emt
00:07:57]} g5 {[%clk 01:04:29]} {[%emt 00:06:38]} 16. Bg3 {[%clk 01:11:03]}
{[%emt 00:00:47]} Nxg3 {[%clk 00:56:26]} {[%emt 00:08:33]} 17. hxg3 {[%clk
01:11:07]} {[%emt 00:00:25]} g4 {[%clk 00:54:15]} {[%emt 00:02:41]} 18. Nfd2
{[%clk 01:09:11]} {[%emt 00:02:26]} f5 {[%clk 00:54:37]} {[%emt 00:00:08]} 19.
Nc5 {[%clk 01:09:27]} {[%emt 00:00:14]} Bxc5 {[%clk 00:46:01]} {[%emt
00:09:07]} 20. Rxc5 {[%clk 01:09:33]} {[%emt 00:00:24]} b6 {[%clk 00:42:16]}
{[%emt 00:04:15]} 21. Rc3 {[%clk 01:08:44]} {[%emt 00:01:18]} Qd6 {[%clk
00:39:43]} {[%emt 00:03:04]} 22. Qe2 {[%clk 01:01:12]} {[%emt 00:08:01]} Bd7
{[%clk 00:39:10]} {[%emt 00:01:03]} 23. Rec1 {[%clk 01:01:12]} {[%emt
00:00:30]} Rfc8 {[%clk 00:36:28]} {[%emt 00:03:13]} 24. Ba6 {[%clk 00:55:24]}
{[%emt 00:06:17]} Rc7 {[%clk 00:34:09]} {[%emt 00:02:50]} 25. Nb1 {[%clk
00:52:56]} {[%emt 00:02:57]} Raa7 {[%clk 00:33:26]} {[%emt 00:01:13]} 26. Bd3
{[%clk 00:43:02]} {[%emt 00:10:24]} Ne7 {[%clk 00:30:46]} {[%emt 00:03:10]} 27.
Qc2 {[%clk 00:43:09]} {[%emt 00:00:23]} Rxc3 {[%clk 00:28:36]} {[%emt
00:02:41]} 28. Qxc3 {[%clk 00:43:31]} {[%emt 00:00:07]} Nc6 {[%clk 00:25:33]}
{[%emt 00:03:34]} 29. Qb3 {[%clk 00:40:31]} {[%emt 00:03:28]} Ne7 {[%clk
00:22:53]} {[%emt 00:03:11]} 30. Qc2 {[%clk 00:40:08]} {[%emt 00:00:53]} Kf7
{[%clk 00:22:40]} {[%emt 00:00:43]} 31. Kf1 {[%clk 00:38:52]} {[%emt 00:01:46]}
Ra8 {[%clk 00:22:07]} {[%emt 00:01:04]} 32. Qc7 {[%clk 00:38:06]} {[%emt
00:01:15]} Qxc7 {[%clk 00:19:55]} {[%emt 00:02:42]} 33. Rxc7 {[%clk 00:38:33]}
{[%emt 00:00:04]} Bc6 {[%clk 00:19:15]} {[%emt 00:01:10]} 34. Nc3 {[%clk
00:37:37]} {[%emt 00:01:26]} Rc8 {[%clk 00:18:03]} {[%emt 00:01:42]} 35. Ra7
{[%clk 00:37:41]} {[%emt 00:00:25]} Ra8 {[%clk 00:15:34]} {[%emt 00:03:00]} 36.
Rxa8 {[%clk 00:32:38]} {[%emt 00:05:33]} Bxa8 {[%clk 00:16:02]} {[%emt
00:00:02]} 37. b4 {[%clk 00:31:41]} {[%emt 00:01:27]} axb4 {[%clk 00:09:59]}
{[%emt 00:06:33]} 38. axb4 {[%clk 00:32:09]} {[%emt 00:00:02]} Bc6 {[%clk
00:07:59]} {[%emt 00:02:29]} 39. Ba6 {[%clk 00:29:57]} {[%emt 00:02:42]} Bd7
{[%clk 00:07:48]} {[%emt 00:00:41]} 40. Ke1 {[%clk 00:28:22]} {[%emt 00:02:05]}
Nc6 {[%clk 00:06:46]} {[%emt 00:01:32]} 41. Bb5 {[%clk 00:28:37]} {[%emt
00:00:11]} Nb8 {[%clk 00:03:42]} {[%emt 00:03:37]} 42. Bd3 {[%clk 00:24:31]}
{[%emt 00:04:36]} Nc6 {[%clk 00:02:45]} {[%emt 00:01:27]} 43. b5 {[%clk
00:24:11]} {[%emt 00:00:51]} Ne7 {[%clk 00:29:07]} {[%emt 00:04:07]} 44. Kd2
{[%clk 00:53:53]} {[%emt 00:00:48]} Nc8 {[%clk 00:28:30]} {[%emt 00:01:08]} 45.
Kc2 {[%clk 00:53:41]} {[%emt 00:00:42]} Nd6 {[%clk 00:24:53]} {[%emt 00:04:07]}
46. Kb3 {[%clk 00:53:54]} {[%emt 00:00:16]} h6 {[%clk 00:21:27]} {[%emt
00:03:56]} 47. Kb4 {[%clk 00:54:13]} {[%emt 00:00:12]} Kf6 {[%clk 00:21:20]}
{[%emt 00:00:37]} 48. Ne2 {[%clk 00:44:38]} {[%emt 00:10:04]} Nf7 {[%clk
00:21:36]} {[%emt 00:00:14]} 49. Nf4 {[%clk 00:43:23]} {[%emt 00:01:46]} Ng5
{[%clk 00:21:35]} {[%emt 00:00:30]} 50. Bb1 {[%clk 00:41:55]} {[%emt 00:01:55]}
Be8 {[%clk 00:20:16]} {[%emt 00:01:52]} 51. Bc2 {[%clk 00:42:09]} {[%emt
00:00:16]} Ke7 {[%clk 00:18:09]} {[%emt 00:02:37]} 52. Bd3 {[%clk 00:28:54]}
{[%emt 00:13:46]} Kd6 {[%clk 00:17:22]} {[%emt 00:01:16]} 53. Bc2 {[%clk
00:29:16]} {[%emt 00:00:08]} Ke7 {[%clk 00:17:47]} {[%emt 00:00:05]} 54. Bd3
{[%clk 00:28:09]} {[%emt 00:01:38]} Kd6 {[%clk 00:18:13]} {[%emt 00:00:04]}
1/2-1/2

[Event "DEM U18 2024"]
[Site "Willingen GER"]
[Date "2024.05.21"]
[Round "4"]
[White "Farokhi, Keyvan"]
[Black "Rempe, Jonas"]
[Result "1-0"]
[Termination "normal"]
[Board "2"]
[WhiteTitle "FM"]
[WhiteElo "2299"]
[BlackElo "2170"]
[WhiteClock "00:19:27"]
[BlackClock "00:01:44"]
[PlyCount "73"]
[WhiteFideId "12998630"]
[BlackFideId "16202406"]
[EventCountry "GER"]
[EventRounds "9"]
[EventType "swiss"]
[EventDate "2024.05.18"]

1. d4 {[%clk 01:30:38]} {[%emt 00:00:20]} f5 {[%clk 01:29:30]} {[%emt
00:01:31]} 2. Bg5 {[%clk 01:30:30]} {[%emt 00:00:37]} d5 {[%clk 01:29:53]}
{[%emt 00:00:08]} 3. e3 {[%clk 01:26:21]} {[%emt 00:04:37]} Nf6 {[%clk
01:27:53]} {[%emt 00:02:31]} 4. Bxf6 {[%clk 01:24:53]} {[%emt 00:01:58]} exf6
{[%clk 01:28:22]} {[%emt 00:00:02]} 5. c4 {[%clk 01:23:54]} {[%emt 00:01:29]}
Bb4+ {[%clk 01:16:31]} {[%emt 00:12:22]} 6. Nc3 {[%clk 01:24:06]} {[%emt
00:00:17]} Be6 {[%clk 01:16:45]} {[%emt 00:00:16]} 7. Qb3 {[%clk 01:20:32]}
{[%emt 00:04:03]} Nc6 {[%clk 01:01:13]} {[%emt 00:16:04]} 8. a3 {[%clk
01:08:56]} {[%emt 00:12:05]} dxc4 {[%clk 00:54:34]} {[%emt 00:07:09]} 9. Bxc4
{[%clk 01:09:11]} {[%emt 00:00:14]} Bxc4 {[%clk 00:54:49]} {[%emt 00:00:17]}
10. Qxc4 {[%clk 01:09:32]} {[%emt 00:00:08]} Be7 {[%clk 00:54:58]} {[%emt
00:00:20]} 11. Nge2 {[%clk 01:05:33]} {[%emt 00:04:29]} Qd7 {[%clk 00:53:19]}
{[%emt 00:02:10]} 12. O-O-O {[%clk 00:59:46]} {[%emt 00:06:17]} O-O-O {[%clk
00:51:53]} {[%emt 00:01:56]} 13. Kb1 {[%clk 00:58:11]} {[%emt 00:02:04]} Rhe8
{[%clk 00:48:34]} {[%emt 00:03:50]} 14. h4 {[%clk 00:53:37]} {[%emt 00:05:03]}
Na5 {[%clk 00:39:57]} {[%emt 00:09:09]} 15. Qd3 {[%clk 00:52:39]} {[%emt
00:01:27]} c5 {[%clk 00:38:45]} {[%emt 00:01:42]} 16. Qc2 {[%clk 00:48:19]}
{[%emt 00:04:49]} c4 {[%clk 00:36:00]} {[%emt 00:03:16]} 17. d5 {[%clk
00:46:34]} {[%emt 00:02:13]} Kb8 {[%clk 00:28:46]} {[%emt 00:07:47]} 18. Nd4
{[%clk 00:42:06]} {[%emt 00:04:56]} g6 {[%clk 00:29:09]} {[%emt 00:00:07]} 19.
h5 {[%clk 00:42:20]} {[%emt 00:00:15]} Bd6 {[%clk 00:28:23]} {[%emt 00:01:17]}
20. hxg6 {[%clk 00:40:58]} {[%emt 00:01:53]} hxg6 {[%clk 00:28:51]} {[%emt
00:00:02]} 21. Ne6 {[%clk 00:38:45]} {[%emt 00:02:42]} Rc8 {[%clk 00:24:01]}
{[%emt 00:05:21]} 22. Rh6 {[%clk 00:38:36]} {[%emt 00:00:38]} Be5 {[%clk
00:22:12]} {[%emt 00:02:20]} 23. Rxg6 {[%clk 00:34:49]} {[%emt 00:04:17]} Nb3
{[%clk 00:16:24]} {[%emt 00:06:18]} 24. Rg7 {[%clk 00:32:11]} {[%emt 00:03:06]}
Qd6 {[%clk 00:11:02]} {[%emt 00:05:55]} 25. Nd4 {[%clk 00:27:05]} {[%emt
00:05:35]} Bxd4 {[%clk 00:09:48]} {[%emt 00:01:45]} 26. exd4 {[%clk 00:27:33]}
{[%emt 00:00:02]} Qf4 {[%clk 00:10:12]} {[%emt 00:00:05]} 27. Ka2 {[%clk
00:24:11]} {[%emt 00:03:52]} Nxd4 {[%clk 00:06:22]} {[%emt 00:04:20]} 28. Qa4
{[%clk 00:23:58]} {[%emt 00:00:43]} Nb3 {[%clk 00:05:48]} {[%emt 00:01:01]} 29.
Qb5 {[%clk 00:22:57]} {[%emt 00:01:33]} Nc5 {[%clk 00:05:47]} {[%emt 00:00:32]}
30. d6 {[%clk 00:20:23]} {[%emt 00:03:03]} a6 {[%clk 00:04:43]} {[%emt
00:01:35]} 31. Qb6 {[%clk 00:20:15]} {[%emt 00:00:37]} Rc6 {[%clk 00:04:36]}
{[%emt 00:00:38]} 32. Rxb7+ {[%clk 00:20:34]} {[%emt 00:00:11]} Nxb7 {[%clk
00:04:41]} {[%emt 00:00:26]} 33. Qxc6 {[%clk 00:20:58]} {[%emt 00:00:05]} Rd8
{[%clk 00:03:40]} {[%emt 00:01:31]} 34. d7 {[%clk 00:19:33]} {[%emt 00:01:54]}
Qxf2 {[%clk 00:02:22]} {[%emt 00:01:49]} 35. Qxa6 {[%clk 00:19:16]} {[%emt
00:00:46]} Qxg2 {[%clk 00:01:46]} {[%emt 00:01:07]} 36. Nb5 {[%clk 00:19:08]}
{[%emt 00:00:38]} Qf2 {[%clk 00:01:44]} {[%emt 00:00:32]} 37. Rd4 {[%clk
00:19:27]} {[%emt 00:00:11]} 1-0

[Event "DEM U18 2024"]
[Site "Willingen GER"]
[Date "2024.05.21"]
[Round "4"]
[White "Garner, Isaac"]
[Black "Petrovskiy, Vadim"]
[Result "0-1"]
[Termination "normal"]
[Board "3"]
[BlackTitle "IM"]
[WhiteElo "2289"]
[BlackElo "2424"]
[WhiteClock "00:08:02"]
[BlackClock "00:05:05"]
[PlyCount "72"]
[WhiteFideId "16239261"]
[BlackFideId "14165210"]
[EventCountry "GER"]
[EventRounds "9"]
[EventType "swiss"]
[EventDate "2024.05.18"]

1. d4 {[%clk 01:30:57]} {[%emt 00:00:02]} Nf6 {[%clk 01:30:00]} {[%emt
00:01:00]} 2. Nf3 {[%clk 01:30:57]} {[%emt 00:00:29]} d5 {[%clk 01:29:48]}
{[%emt 00:00:43]} 3. c4 {[%clk 01:31:00]} {[%emt 00:00:28]} e6 {[%clk
01:30:09]} {[%emt 00:00:09]} 4. g3 {[%clk 01:31:22]} {[%emt 00:00:07]} Be7
{[%clk 01:30:20]} {[%emt 00:00:19]} 5. Bg2 {[%clk 01:31:45]} {[%emt 00:00:07]}
O-O {[%clk 01:30:28]} {[%emt 00:00:23]} 6. O-O {[%clk 01:32:09]} {[%emt
00:00:06]} dxc4 {[%clk 01:30:41]} {[%emt 00:00:17]} 7. Qc2 {[%clk 01:32:24]}
{[%emt 00:00:14]} b6 {[%clk 01:31:01]} {[%emt 00:00:11]} 8. Ne5 {[%clk
01:32:44]} {[%emt 00:00:10]} Qxd4 {[%clk 01:31:25]} {[%emt 00:00:06]} 9. Bxa8
{[%clk 01:33:06]} {[%emt 00:00:07]} Qxe5 {[%clk 01:31:49]} {[%emt 00:00:07]}
10. Bf3 {[%clk 01:33:25]} {[%emt 00:00:10]} Nd5 {[%clk 01:32:01]} {[%emt
00:00:19]} 11. Qxc4 {[%clk 01:33:14]} {[%emt 00:00:41]} Ba6 {[%clk 01:31:47]}
{[%emt 00:00:43]} 12. Qa4 {[%clk 01:31:10]} {[%emt 00:02:35]} c5 {[%clk
01:25:35]} {[%emt 00:06:42]} 13. Na3 {[%clk 01:22:24]} {[%emt 00:09:15]} Qc7
{[%clk 01:25:57]} {[%emt 00:00:08]} 14. Rd1 {[%clk 01:13:54]} {[%emt 00:09:00]}
Qc8 {[%clk 01:26:25]} {[%emt 00:00:02]} 15. Nb5 {[%clk 00:58:43]} {[%emt
00:15:42]} Qc6 {[%clk 00:55:40]} {[%emt 00:31:15]} 16. Nc3 {[%clk 00:58:40]}
{[%emt 00:00:33]} Nxc3 {[%clk 00:56:03]} {[%emt 00:00:06]} 17. Qxc6 {[%clk
00:57:29]} {[%emt 00:01:42]} Nxc6 {[%clk 00:56:30]} {[%emt 00:00:02]} 18. bxc3
{[%clk 00:57:50]} {[%emt 00:00:09]} Ne5 {[%clk 00:56:50]} {[%emt 00:00:10]} 19.
Bf4 {[%clk 00:47:10]} {[%emt 00:11:10]} Nxf3+ {[%clk 00:55:35]} {[%emt
00:01:45]} 20. exf3 {[%clk 00:47:35]} {[%emt 00:00:05]} Bf6 {[%clk 00:54:24]}
{[%emt 00:01:42]} 21. Rd7 {[%clk 00:42:54]} {[%emt 00:05:10]} Ra8 {[%clk
00:52:13]} {[%emt 00:02:42]} 22. Rc1 {[%clk 00:39:43]} {[%emt 00:03:40]} Bc4
{[%clk 00:42:39]} {[%emt 00:10:05]} 23. Be3 {[%clk 00:21:48]} {[%emt 00:18:25]}
Bd5 {[%clk 00:39:34]} {[%emt 00:03:34]} 24. c4 {[%clk 00:16:56]} {[%emt
00:05:23]} Bxf3 {[%clk 00:39:52]} {[%emt 00:00:11]} 25. Bd2 {[%clk 00:15:35]}
{[%emt 00:01:52]} Bb2 {[%clk 00:13:59]} {[%emt 00:26:22]} 26. Re1 {[%clk
00:14:42]} {[%emt 00:01:23]} Bd4 {[%clk 00:11:18]} {[%emt 00:03:11]} 27. Be3
{[%clk 00:14:55]} {[%emt 00:00:18]} Bf6 {[%clk 00:11:32]} {[%emt 00:00:15]} 28.
Bf4 {[%clk 00:14:35]} {[%emt 00:00:50]} Bc6 {[%clk 00:07:59]} {[%emt 00:04:03]}
29. Rc7 {[%clk 00:12:45]} {[%emt 00:02:20]} Ba4 {[%clk 00:08:14]} {[%emt
00:00:16]} 30. Re3 {[%clk 00:13:04]} {[%emt 00:00:10]} Bd8 {[%clk 00:08:18]}
{[%emt 00:00:26]} 31. Rb7 {[%clk 00:13:30]} {[%emt 00:00:04]} Bc6 {[%clk
00:08:04]} {[%emt 00:00:44]} 32. Rb8 {[%clk 00:13:56]} {[%emt 00:00:05]} Rxb8
{[%clk 00:05:56]} {[%emt 00:02:37]} 33. Bxb8 {[%clk 00:14:22]} {[%emt
00:00:04]} a6 {[%clk 00:05:13]} {[%emt 00:01:14]} 34. Rd3 {[%clk 00:08:18]}
{[%emt 00:06:33]} Be7 {[%clk 00:04:41]} {[%emt 00:01:02]} 35. Ba7 {[%clk
00:08:44]} {[%emt 00:00:05]} b5 {[%clk 00:04:41]} {[%emt 00:00:29]} 36. Bxc5
{[%clk 00:08:02]} {[%emt 00:01:13]} Bxc5 {[%clk 00:05:05]} {[%emt 00:00:05]}
0-1